000 00568nam a22002177a 4500
001 64098
003 UA-OsUOA
005 20210915210202.0
007 ta
008 20091029b un ||||| |||| 00| 0 ukr d
040 _aUA-OsUOA
_brus
_cUA-OsUOA
_dUA-OsUOA
041 _arus
080 _a94(470+571)
090 _a94(470+571)
_bФ19
245 _aФальсификаторы истории
_bисторическая справка
260 _aМ.
_c1952
300 _a80 с.
650 7 _a94 Історія загалом
_2UDC
942 _cBK
_2udc
955 _a2
999 _c350337
_d350337